SML characters - Statistics

General Stats
  • This quiz has been taken 60 times
  • The average score is 16 of 24
Answer Stats
Hint Answer % Correct
Pencil in his nose Jeffy
97%
Plumber Mario
92%
Gay Cody
87%
Plays call of duty Black Yoshi
79%
Likes watching Charleyyy Bowser
79%
Likes cheesecake Shrek
79%
Makes terrible food Chef Pee Pee
77%
Kid with no parents Joseph
77%
Rich billionaire Mr Goodman
77%
Likes stars Rosalina
74%
Guy with every job Brooklyn T Guy
67%
Doll Ken
64%
Wears a bib Bowser Junior
62%
Jeffys enemy Bully Bill
62%
Rapper who’s called “Milk” Toad
62%
Shrimpo hunter Woody
62%
Crazy kid Patrick
59%
Cody’s stepdad and rapper Tyrone
59%
Suicidal Dragon Doofy the Dragon
54%
TV sensation bowser loves Charleyyy
49%
Jeffys mom Nancy
44%
Can’t see Jackie Chu
38%
Fan favorite who died Mama Luigi
31%
Jeffys dad Jacques Pierre Francois
26%
No matching quizzes found
Score Distribution
Percent of People with Each Score
Percentile by Number Answered
Your Score History
You have not taken this quiz